The art of war : (Record no. 15928)

000 -LEADER
fixed length control field 02665nam a2200205 a 4500
001 - CONTROL NUMBER
control field ASIN1847242596
005 - DATE AND TIME OF LATEST TRANSACTION
control field 20170105102928.0
008 - FIXED-LENGTH DATA ELEMENTS--GENERAL INFORMATION
fixed length control field 131216s2008 xxu eng d
020 ## - INTERNATIONAL STANDARD BOOK NUMBER
International Standard Book Number 1847242596 (hardcover)
020 ## - INTERNATIONAL STANDARD BOOK NUMBER
International Standard Book Number 9781847242594 (hardcover)
040 ## - CATALOGING SOURCE
Original cataloging agency 0
082 ## - DEWEY DECIMAL CLASSIFICATION NUMBER
Classification number 355.0209
Author Mark ART 2008
100 1# - MAIN ENTRY--PERSONAL NAME
Personal name Roberts, Andrew.
245 04 - TITLE STATEMENT
Title The art of war :
Remainder of title great commanders of the ancient and medieval world /
Statement of responsibility, etc. Andrew Roberts.
260 ## - PUBLICATION, DISTRIBUTION, ETC.
Place of publication, distribution, etc. [S.l.] :
Name of publisher, distributor, etc. Quercus Publishing Plc,
Date of publication, distribution, etc. 2008.
300 ## - PHYSICAL DESCRIPTION
Extent 432 p. ;
Dimensions 28 cm.
520 ## - SUMMARY, ETC.
Summary, etc. Which was the most brilliant of Hannibal's three crushing defeats of Roman armies? What tactics did Julius Caesar employ to defeat Pompey at Pharsalus? How was Alexander the Great able to command sufficient loyalty from his troops to lead them across half of the Asian landmass in search of new territories to conquer? What qualities made Attila the Hun a strategist of genius? How did Henry V of England achieve victory at Agincourt for the loss of a few hundred of his men, when the mounted French knights suffered casualties in the thousands? The answers to these and a myriad other fascinating questions can be found in The Art of War, a sumptuous chronological survey of the 50 greatest commanders of the ancient and medieval worlds. Compiled by an distinguished team of historians (including such names as Robin Lane Fox, Tom Holland, John Julius Norwich, Jonathan Sumption and Felipe Fernandez-Armesto) working under the general editorship of the Andrew Roberts, The Art of War is an authoritative and beautifully illustrated account of the lives and careers of the 50 greatest military commanders of the period, from Julius Caesar to Judas Maccabeus, from Belisarius to Bohemond, and from Trajan to Tamerlane. Every commander is profiled in a concise and informative 3000-word article which not only brings its subject vividly to life via a lively, fact-driven narrative, but also analyses and assesses his tactical and strategic gifts. Each biography is accompanied by a 'battle feature' or 'campaign feature' - embellished by a full-colour battle plan or campaign map - focusing on the commander's greatest battlefield achievement. As accessible and informative as it is rigorous and scholarly, The Art of War is the perfect introduction to its subject for the layperson - but also a stimulating and thought-provoking read for those with greater knowledge of military history. With its companion volume Born to Command, it forms an indispensable guide to the greatest generals the world has seen.
856 40 - ELECTRONIC LOCATION AND ACCESS
Materials specified Amazon.com
Uniform Resource Identifier <a href="http://www.amazon.com/exec/obidos/ASIN/1847242596/chopaconline-20">http://www.amazon.com/exec/obidos/ASIN/1847242596/chopaconline-20</a>
942 ## - ADDED ENTRY ELEMENTS (KOHA)
Source of classification or shelving scheme
Koha item type Reference
Holdings
Withdrawn status Lost status Damaged status Not for loan Collection code Permanent Location Current Location Shelving location Date acquired Total Checkouts Full call number Barcode Date last seen Price effective from Koha item type
          Centre for International Peace & Stability (CIPS) Centre for International Peace & Stability (CIPS) Reference 10/02/2013   355.0209 ART 2008 CIPS0002211 12/16/2013 12/16/2013 Reference
© 2023 Central Library, National University of Sciences and Technology. All Rights Reserved.